Použitie peňažných tokov pri ohodnocovaní záväzkov v životnom poistení
Príspevok poukazuje na tú časť práce aktuára poisťovne, v ktorej sa venuje ohodnocovaniu záväzkov v životnom poistení (určovaniu poistných rezerv). Peňažné toky v životnom poistení a niektoré s nimi súvisiace pojmy, používané pri určovaní poistného metódou testovania zisku. Odvodenie rekurentného v...
Na minha lista:
| Autor principal: | |
|---|---|
| Outros Autores: | |
| Formato: | Capítulo de Livro |
| Idioma: | eslovaco |
| Assuntos: | |
| Tags: |
Sem tags, seja o primeiro a adicionar uma tag!
|
MARC
| LEADER | 00000nla$a2200000$$$4500 | ||
|---|---|---|---|
| 001 | 0088108 | ||
| 005 | 20240502072004.3 | ||
| 041 | 0 | |a slo | |
| 044 | |a SK | ||
| 245 | 1 | 0 | |a Použitie peňažných tokov pri ohodnocovaní záväzkov v životnom poistení |c Mária Bilíková, Katarína Sakálová |
| 520 | |a Príspevok poukazuje na tú časť práce aktuára poisťovne, v ktorej sa venuje ohodnocovaniu záväzkov v životnom poistení (určovaniu poistných rezerv). Peňažné toky v životnom poistení a niektoré s nimi súvisiace pojmy, používané pri určovaní poistného metódou testovania zisku. Odvodenie rekurentného vzorca na výpočet rezervy a jeho použitie najmä pri ohodnocovaní záväzkov, ak dochádza k zmene aktuárskej bázy. Na modelovom poistení autorky poukazujú na využitie tohto prístupu na určovanie "fair value" záväzkov. | ||
| 610 | 2 | 0 | |a poistenie životné |
| 610 | 2 | 0 | |a cash flow |
| 610 | 2 | 0 | |a rezervy poistné |
| 610 | 2 | 0 | |a aktuári |
| 610 | 2 | 0 | |a hodnota reálna |
| 100 | 1 | |a Bilíková, Mária, 1951- | |
| 700 | 1 | |a Sakálová, Katarína, 1955- | |